Manzil Ba Manzil: (Record no. 593788)

000 -LEADER
fixed length control field 00368nam a22001337a 4500
020 ## - INTERNATIONAL STANDARD BOOK NUMBER
International Standard Book Number 0000000540001
040 ## - CATALOGING SOURCE
Transcribing agency NUST
082 ## - DEWEY DECIMAL CLASSIFICATION NUMBER
Classification number 910.4 RAH
100 ## - MAIN ENTRY--PERSONAL NAME
Personal name Rahi, Fazal Rabi
9 (RLIN) 110459
245 ## - TITLE STATEMENT
Title Manzil Ba Manzil:
Remainder of title Europe Aur Dubai Kay Safarnamay
260 ## - PUBLICATION, DISTRIBUTION, ETC.
Place of publication, distribution, etc. Lahore:
Name of publisher, distributor, etc. Al-Mezaan Publishers,
Date of publication, distribution, etc. 2015.
650 ## - SUBJECT ADDED ENTRY--TOPICAL TERM
Topical term or geographic name entry element Urdu Adab Safarnamay
9 (RLIN) 110463
942 ## - ADDED ENTRY ELEMENTS (KOHA)
Source of classification or shelving scheme
Koha item type Book
Holdings
Withdrawn status Lost status Source of classification or shelving scheme Damaged status Not for loan Permanent Location Current Location Shelving location Date acquired Total Checkouts Full call number Barcode Date last seen Price effective from Koha item type
          College of Electrical & Mechanical Engineering (CEME) College of Electrical & Mechanical Engineering (CEME) General Stacks 03/16/2023   910.4 RAH CEME-50720 03/16/2023 03/16/2023 Book
© 2023 Central Library, National University of Sciences and Technology. All Rights Reserved.